[Event "MCR muzu 2023"]
[Site "?"]
[Date "2023.05.09"]
[Round "1.1"]
[White "Krejci, Jan"]
[Black "Plat, Vojtech"]
[Result "1/2-1/2"]
[BlackElo "2535"]
[WhiteElo "2517"]
[LiveChessVersion "1.4.8"]

1. d4 {[%clk 1:30:53]} d6 {[%clk 1:30:28]} 2. c4 {[%clk 1:31:18]} e5
{[%clk 1:30:52]} 3. Nf3 {[%clk 1:31:43]} exd4 {[%clk 1:31:09]} 4. Nxd4
{[%clk 1:32:07]} g6 {[%clk 1:31:33]} 5. Nc3 {[%clk 1:32:32]} Bg7 {[%clk 1:31:59]}
6. e4 {[%clk 1:32:57]} Nc6 {[%clk 1:30:41]} 7. Be3 {[%clk 1:32:51]} Nf6
{[%clk 1:29:36]} 8. Be2 {[%clk 1:28:52]} O-O {[%clk 1:28:08]} 9. O-O
{[%clk 1:27:41]} Re8 {[%clk 1:27:50]} 10. f3 {[%clk 1:24:51]} Nxd4
{[%clk 1:12:28]} 11. Bxd4 {[%clk 1:25:12]} c6 {[%clk 1:12:40]} 12. Qd2
{[%clk 1:21:30]} Be6 {[%clk 1:08:39]} 13. Rad1 {[%clk 1:18:19]} a6
{[%clk 1:02:13]} 14. a4 {[%clk 1:06:21]} Qc7 {[%clk 0:51:58]} 15. f4
{[%clk 0:56:33]} Qe7 {[%clk 0:43:15]} 16. f5 {[%clk 0:52:50]} Bd7
{[%clk 0:36:20]} 17. Bf3 {[%clk 0:43:37]} gxf5 {[%clk 0:34:55]} 18. exf5
{[%clk 0:43:55]} c5 {[%clk 0:30:35]} 19. Bxf6 {[%clk 0:36:30]} Qxf6
{[%clk 0:30:53]} 20. Bxb7 {[%clk 0:28:18]} Qd4+ {[%clk 0:30:07]} 21. Kh1
{[%clk 0:24:14]} Qxd2 {[%clk 0:30:31]} 22. Rxd2 {[%clk 0:24:42]} Ra7
{[%clk 0:30:42]} 23. Bd5 {[%clk 0:21:25]} Bxf5 {[%clk 0:30:35]} 24. Bc6
{[%clk 0:20:49]} Bxc3 {[%clk 0:26:49]} 25. bxc3 {[%clk 0:21:13]} Re3
{[%clk 0:26:44]} 26. h3 {[%clk 0:16:18]} Be6 {[%clk 0:20:35]} 27. Rxd6
{[%clk 0:16:07]} Rxc3 {[%clk 0:19:25]} 28. Bd5 {[%clk 0:16:30]} Rd3
{[%clk 0:16:50]} 29. Rc1 {[%clk 0:13:33]} a5 {[%clk 0:11:14]} 30. Rc6
{[%clk 0:13:48]} Bxd5 {[%clk 0:09:24]} 1/2-1/2

[Event "MCR muzu 2023"]
[Site "?"]
[Date "2023.05.09"]
[Round "1.2"]
[White "Petr, Martin"]
[Black "Simacek, Pavel"]
[Result "0-1"]
[BlackElo "2466"]
[WhiteElo "2478"]
[LiveChessVersion "1.4.8"]

1. e4 {[%clk 1:30:57]} c5 {[%clk 1:30:29]} 2. Be2 {[%clk 1:30:57]} Nc6
{[%clk 1:29:19]} 3. f4 {[%clk 1:31:10]} Nf6 {[%clk 1:20:00]} 4. d3
{[%clk 1:27:55]} d6 {[%clk 1:18:46]} 5. Nf3 {[%clk 1:28:17]} g6 {[%clk 1:19:10]}
6. O-O {[%clk 1:27:50]} Bg7 {[%clk 1:19:21]} 7. Qe1 {[%clk 1:23:26]} Nd4
{[%clk 1:15:15]} 8. Nxd4 {[%clk 1:17:16]} cxd4 {[%clk 1:15:42]} 9. c3 dxc3
{[%clk 1:04:28]} 10. Nxc3 {[%clk 1:17:02]} O-O {[%clk 1:03:27]} 11. Kh1
{[%clk 1:14:21]} d5 {[%clk 0:55:20]} 12. e5 {[%clk 1:10:51]} Nd7 {[%clk 0:55:19]}
13. d4 {[%clk 1:07:21]} Nb8 {[%clk 0:55:38]} 14. Be3 {[%clk 1:02:06]} Nc6
{[%clk 0:56:00]} 15. g4 {[%clk 1:01:30]} f6 {[%clk 0:54:39]} 16. Rc1
{[%clk 0:52:40]} Qa5 {[%clk 0:39:20]} 17. a3 {[%clk 0:50:11]} fxe5
{[%clk 0:30:12]} 18. fxe5 {[%clk 0:50:35]} Rxf1+ {[%clk 0:30:09]} 19. Qxf1
{[%clk 0:51:03]} Be6 {[%clk 0:30:28]} 20. Bf3 {[%clk 0:43:19]} Rd8
{[%clk 0:26:05]} 21. Ne2 {[%clk 0:35:49]} Bf7 {[%clk 0:24:28]} 22. Rc5
{[%clk 0:29:09]} Qb6 {[%clk 0:20:59]} 23. Qc1 {[%clk 0:27:46]} Na5
{[%clk 0:18:51]} 24. Qc3 {[%clk 0:23:19]} Nc4 {[%clk 0:18:13]} 25. Bc1
{[%clk 0:21:42]} Bxe5 {[%clk 0:17:04]} 26. b3 {[%clk 0:21:25]} Qxc5
{[%clk 0:17:09]} 27. bxc4 {[%clk 0:19:59]} dxc4 {[%clk 0:13:10]} 28. Bb2
{[%clk 0:15:01]} Qb6 {[%clk 0:10:00]} 29. dxe5 {[%clk 0:13:43]} Rd3
{[%clk 0:07:46]} 30. e6 {[%clk 0:13:11]} Rxc3 {[%clk 0:08:12]} 31. exf7+
{[%clk 0:13:38]} Kxf7 {[%clk 0:08:33]} 32. Bxc3 {[%clk 0:14:04]} Qf2
{[%clk 0:08:41]} 33. Ng1 {[%clk 0:14:29]} Qe3 {[%clk 0:08:47]} 34. Bb4
{[%clk 0:11:41]} b6 {[%clk 0:07:49]} 0-1

[Event "MCR muzu 2023"]
[Site "?"]
[Date "2023.05.09"]
[Round "1.3"]
[White "Stocek, Jiri"]
[Black "Finek, Vaclav"]
[Result "1-0"]
[BlackElo "2410"]
[WhiteElo "2525"]
[LiveChessVersion "1.4.8"]

1. d4 {[%clk 1:27:31]} d5 {[%clk 1:30:48]} 2. c4 {[%clk 1:27:33]} c6
{[%clk 1:31:13]} 3. Nf3 {[%clk 1:27:27]} Nf6 {[%clk 1:31:18]} 4. Nc3
{[%clk 1:27:12]} e6 {[%clk 1:30:52]} 5. Qd3 {[%clk 1:25:18]} dxc4
{[%clk 1:28:07]} 6. Qxc4 {[%clk 1:25:33]} b5 {[%clk 1:26:56]} 7. Qd3
{[%clk 1:24:53]} a6 {[%clk 1:24:19]} 8. a4 {[%clk 1:20:22]} b4 {[%clk 1:14:08]}
9. Ne4 {[%clk 1:19:17]} Nxe4 {[%clk 1:04:19]} 10. Qxe4 {[%clk 1:19:27]} Bb7
{[%clk 1:04:26]} 11. Bf4 {[%clk 0:59:47]} Nd7 {[%clk 0:56:29]} 12. Rc1
{[%clk 0:49:37]} Qb6 {[%clk 0:49:49]} 13. Ne5 {[%clk 0:40:35]} Nxe5
{[%clk 0:44:57]} 14. Qxe5 {[%clk 0:40:38]} b3 {[%clk 0:40:53]} 15. a5
{[%clk 0:35:52]} Qb5 {[%clk 0:26:41]} 16. Bd2 {[%clk 0:32:35]} Bb4
{[%clk 0:15:11]} 17. e4 {[%clk 0:27:45]} Bxd2+ {[%clk 0:13:23]} 18. Kxd2
{[%clk 0:28:05]} Qb4+ {[%clk 0:12:10]} 19. Ke3 {[%clk 0:26:43]} Qe7
{[%clk 0:03:31]} 20. Qc5 {[%clk 0:23:55]} Qf6 {[%clk 0:01:53]} 21. f4
{[%clk 0:20:48]} Rd8 {[%clk 0:00:50]} 22. Be2 {[%clk 0:18:30]} Rd7
{[%clk 0:00:56]} 23. h4 {[%clk 0:16:00]} Qd8 {[%clk 0:00:38]} 24. g3
{[%clk 0:15:09]} Re7 {[%clk 0:00:34]} 25. Rc3 {[%clk 0:13:08]} O-O
{[%clk 0:00:43]} 26. Rxb3 {[%clk 0:12:40]} Rd7 {[%clk 0:01:01]} 27. Bc4
{[%clk 0:09:37]} Kh8 {[%clk 0:00:42]} 28. Rd1 {[%clk 0:07:33]} Re8
{[%clk 0:00:52]} 29. Rdd3 {[%clk 0:06:38]} Rc7 {[%clk 0:00:35]} 30. Rb6
{[%clk 0:06:40]} Qd7 {[%clk 0:00:32]} 31. Kd2 {[%clk 0:04:35]} Rd8
{[%clk 0:00:32]} 32. Kc1 {[%clk 0:04:01]} h6 {[%clk 0:00:40]} 33. g4
{[%clk 0:04:10]} Kh7 {[%clk 0:00:36]} 34. Kb1 {[%clk 0:03:24]} Qe8
{[%clk 0:00:37]} 35. g5 {[%clk 0:03:33]} h5 {[%clk 0:00:35]} 36. Bxa6
{[%clk 0:03:35]} Bxa6 {[%clk 0:00:54]} 37. Rxa6 {[%clk 0:04:01]} f6
{[%clk 0:00:40]} 38. gxf6 {[%clk 0:03:42]} Qg6 {[%clk 0:00:34]} 39. Rxc6
{[%clk 0:03:00]} Rxc6 {[%clk 0:00:32]} 40. Qxc6 {[%clk 0:03:22]} Qxf6
{[%clk 0:00:47]} 41. Ka2 {[%clk 0:29:26]} Qxf4 {[%clk 0:27:27]} 42. Qxe6
{[%clk 0:26:19]} Rf8 {[%clk 0:27:50]} 43. Qd5 {[%clk 0:17:14]} Qxh4
{[%clk 0:25:32]} 44. a6 {[%clk 0:17:18]} g6 {[%clk 0:23:50]} 45. a7
{[%clk 0:15:26]} Qd8 {[%clk 0:24:14]} 46. Qxd8 {[%clk 0:13:29]} Rxd8
{[%clk 0:24:38]} 47. b4 {[%clk 0:13:36]} 1-0

[Event "MCR muzu 2023"]
[Site "?"]
[Date "2023.05.09"]
[Round "1.4"]
[White "Babula, Vlastimil"]
[Black "Zwardon, Vojtech"]
[Result "1-0"]
[BlackElo "2494"]
[WhiteElo "2533"]
[LiveChessVersion "1.4.8"]

1. d4 {[%clk 1:30:54]} Nf6 {[%clk 1:30:59]} 2. c4 {[%clk 1:31:15]} e5
{[%clk 1:31:28]} 3. dxe5 {[%clk 1:31:25]} Ng4 {[%clk 1:31:56]} 4. Bf4
{[%clk 1:31:02]} g5 {[%clk 1:32:23]} 5. Bg3 {[%clk 1:30:22]} Bg7 {[%clk 1:32:50]}
6. Nf3 {[%clk 1:30:18]} Nc6 {[%clk 1:33:17]} 7. Nc3 {[%clk 1:29:16]} Ngxe5
{[%clk 1:33:42]} 8. Nxe5 {[%clk 1:28:32]} Nxe5 {[%clk 1:33:49]} 9. h4
{[%clk 1:27:07]} g4 {[%clk 1:34:15]} 10. h5 {[%clk 1:26:02]} h6 {[%clk 1:34:04]}
11. Bh4 {[%clk 1:24:37]} Bf6 {[%clk 1:34:10]} 12. Bxf6 {[%clk 1:24:25]} Qxf6
{[%clk 1:34:38]} 13. Nd5 {[%clk 1:23:43]} Qd8 {[%clk 1:34:22]} 14. f4
{[%clk 1:22:27]} gxf3 {[%clk 1:33:33]} 15. exf3 {[%clk 1:22:25]} c6
{[%clk 1:32:24]} 16. Nc3 {[%clk 1:19:55]} d6 {[%clk 1:23:49]} 17. Qd2
{[%clk 1:08:56]} Be6 {[%clk 1:20:28]} 18. O-O-O {[%clk 1:07:00]} d5
{[%clk 1:01:55]} 19. cxd5 {[%clk 0:59:03]} cxd5 {[%clk 1:02:22]} 20. Bb5+
{[%clk 0:52:20]} Kf8 {[%clk 1:00:02]} 21. Rhe1 {[%clk 0:50:11]} a6
{[%clk 0:58:31]} 22. Bf1 {[%clk 0:47:27]} Nd7 {[%clk 0:46:08]} 23. Nxd5
{[%clk 0:45:29]} Nf6 {[%clk 0:45:24]} 24. Qb4+ {[%clk 0:31:37]} Kg7
{[%clk 0:45:24]} 25. Nf4 {[%clk 0:31:38]} Qc7+ {[%clk 0:44:33]} 26. Kb1
{[%clk 0:31:44]} Bf5+ {[%clk 0:45:00]} 27. Ka1 {[%clk 0:31:04]} Rhd8
{[%clk 0:42:12]} 28. Rc1 {[%clk 0:28:25]} Qd7 {[%clk 0:41:54]} 29. g4
{[%clk 0:27:13]} Bh7 {[%clk 0:42:17]} 30. Bc4 {[%clk 0:10:44]} Rac8
{[%clk 0:42:17]} 31. Bb3 {[%clk 0:10:24]} a5 {[%clk 0:33:13]} 32. Qxa5
{[%clk 0:08:13]} Qd4 {[%clk 0:33:32]} 33. Ne2 {[%clk 0:06:10]} Qe3
{[%clk 0:26:35]} 34. Nc3 {[%clk 0:05:48]} Qxf3 {[%clk 0:26:10]} 35. g5
{[%clk 0:04:33]} Ng4 {[%clk 0:22:00]} 36. Rf1 {[%clk 0:04:09]} Qe3
{[%clk 0:22:29]} 37. Rce1 {[%clk 0:02:39]} Qxg5 {[%clk 0:22:16]} 38. Rxf7+
{[%clk 0:02:20]} Kh8 {[%clk 0:22:36]} 39. Qxg5 {[%clk 0:01:11]} hxg5
{[%clk 0:23:04]} 40. Rxb7 {[%clk 0:00:52]} Nf2 {[%clk 0:23:13]} 41. a4
{[%clk 0:23:21]} Rb8 {[%clk 0:52:11]} 42. Bd5 {[%clk 0:18:46]} Nd3
{[%clk 0:51:16]} 43. Ree7 {[%clk 0:17:45]} Rxb7 {[%clk 0:49:54]} 44. Bxb7
{[%clk 0:17:42]} Nb4 {[%clk 0:50:12]} 45. a5 {[%clk 0:16:20]} Rf8
{[%clk 0:50:17]} 46. b3 {[%clk 0:16:20]} Rf5 {[%clk 0:49:50]} 47. Rxh7+
{[%clk 0:15:49]} Kg8 {[%clk 0:49:31]} 48. Be4 {[%clk 0:15:12]} Rxa5+
{[%clk 0:49:40]} 49. Kb2 {[%clk 0:15:34]} 1-0

[Event "MCR muzu 2023"]
[Site "?"]
[Date "2023.05.09"]
[Round "1.5"]
[White "Kraus, Tomas"]
[Black "Navara, David"]
[Result "0-1"]
[BlackElo "2678"]
[WhiteElo "2473"]
[LiveChessVersion "1.4.8"]

1. e4 {[%clk 1:30:57]} c5 {[%clk 1:30:53]} 2. Nf3 {[%clk 1:31:00]} d6
{[%clk 1:31:18]} 3. Bb5+ {[%clk 1:30:51]} Nd7 {[%clk 1:31:42]} 4. O-O
{[%clk 1:29:41]} a6 {[%clk 1:32:04]} 5. Bd3 {[%clk 1:29:09]} Ngf6
{[%clk 1:32:24]} 6. c3 {[%clk 1:28:44]} b5 {[%clk 1:32:31]} 7. a4
{[%clk 1:28:05]} c4 {[%clk 1:26:35]} 8. Bc2 {[%clk 1:28:15]} Bb7 {[%clk 1:26:58]}
9. axb5 {[%clk 1:28:14]} axb5 {[%clk 1:27:22]} 10. Rxa8 {[%clk 1:28:40]} Qxa8
{[%clk 1:20:08]} 11. Na3 {[%clk 1:25:39]} Bxe4 {[%clk 1:14:21]} 12. Bxe4 Nxe4 13.
d3 {[%clk 1:25:16]} cxd3 {[%clk 1:12:35]} 14. Qxd3 {[%clk 1:20:49]} e6
{[%clk 1:09:58]} 15. Nxb5 {[%clk 1:13:33]} Qc6 {[%clk 1:03:25]} 16. Nfd4
{[%clk 1:00:57]} Qb7 {[%clk 1:02:46]} 17. Re1 {[%clk 0:53:47]} d5
{[%clk 0:59:46]} 18. f3 {[%clk 0:47:03]} Nec5 {[%clk 0:38:15]} 19. Qe2
{[%clk 0:45:43]} Be7 {[%clk 0:30:16]} 20. b4 {[%clk 0:32:44]} Na4
{[%clk 0:28:34]} 21. Nf5 {[%clk 0:29:37]} Kf8 {[%clk 0:28:42]} 22. Bf4
{[%clk 0:17:28]} Bf6 {[%clk 0:27:12]} 23. Bd6+ {[%clk 0:13:55]} Kg8
{[%clk 0:27:19]} 24. c4 {[%clk 0:12:20]} Nab6 {[%clk 0:17:25]} 25. cxd5
{[%clk 0:08:28]} Nxd5 {[%clk 0:17:38]} 26. Kh1 {[%clk 0:05:08]} h5
{[%clk 0:16:57]} 27. Ng3 {[%clk 0:04:50]} h4 {[%clk 0:10:38]} 28. Ne4
{[%clk 0:05:16]} Rh5 {[%clk 0:10:42]} 29. Nxf6+ {[%clk 0:03:47]} N5xf6
{[%clk 0:06:49]} 30. Nc3 {[%clk 0:03:28]} Qc6 {[%clk 0:04:18]} 31. Ne4
{[%clk 0:03:12]} h3 {[%clk 0:04:40]} 32. Rd1 {[%clk 0:01:52]} hxg2+
{[%clk 0:03:15]} 33. Kxg2 {[%clk 0:01:54]} Nd5 {[%clk 0:03:27]} 34. Bg3
{[%clk 0:01:38]} Nxb4 {[%clk 0:02:51]} 35. Rd6 {[%clk 0:01:34]} Qc8
{[%clk 0:02:57]} 36. Qd2 {[%clk 0:00:44]} Nd5 {[%clk 0:03:20]} 37. Qa2
{[%clk 0:00:36]} N7b6 {[%clk 0:01:26]} 38. Qf2 {[%clk 0:00:32]} Nc4
{[%clk 0:01:43]} 0-1

[Event "MCR muzu 2023"]
[Site "?"]
[Date "2023.05.10"]
[Round "2.1"]
[White "Plat, Vojtech"]
[Black "Navara, David"]
[Result "0-1"]
[BlackElo "2678"]
[WhiteElo "2535"]
[LiveChessVersion "1.4.8"]

1. e4 {[%clk 1:30:56]} c5 {[%clk 1:30:57]} 2. Nf3 {[%clk 1:31:21]} d6
{[%clk 1:31:19]} 3. d4 {[%clk 1:31:20]} cxd4 {[%clk 1:31:44]} 4. Nxd4
{[%clk 1:31:46]} Nf6 {[%clk 1:32:03]} 5. Nc3 {[%clk 1:32:11]} a6 {[%clk 1:32:26]}
6. Be2 {[%clk 1:32:32]} e5 {[%clk 1:32:43]} 7. Nb3 {[%clk 1:32:56]} Be7
{[%clk 1:32:49]} 8. Bg5 {[%clk 1:33:18]} Be6 {[%clk 1:32:57]} 9. Bxf6
{[%clk 1:33:41]} Bxf6 {[%clk 1:33:18]} 10. Qd3 {[%clk 1:34:07]} O-O
{[%clk 1:19:17]} 11. Rd1 {[%clk 1:34:23]} Be7 {[%clk 1:19:38]} 12. Nd5
{[%clk 1:34:39]} Bxd5 {[%clk 1:19:52]} 13. Qxd5 {[%clk 1:35:04]} Qc7
{[%clk 1:19:02]} 14. O-O {[%clk 1:27:41]} Nd7 {[%clk 1:17:35]} 15. c3
{[%clk 1:24:51]} b5 {[%clk 1:04:17]} 16. Na1 {[%clk 1:23:58]} Rfd8
{[%clk 0:59:31]} 17. Qd2 {[%clk 1:16:30]} Nf6 {[%clk 0:53:50]} 18. Bf3
{[%clk 1:14:51]} d5 {[%clk 0:46:58]} 19. Qe2 {[%clk 1:14:57]} Bc5
{[%clk 0:44:39]} 20. Nb3 {[%clk 1:09:25]} Bb6 {[%clk 0:44:28]} 21. g3
{[%clk 1:01:34]} Qc4 {[%clk 0:38:37]} 22. Qxc4 {[%clk 0:57:33]} dxc4
{[%clk 0:38:49]} 23. Nc1 {[%clk 0:56:11]} h5 {[%clk 0:36:18]} 24. h4
{[%clk 0:54:41]} Kf8 {[%clk 0:36:06]} 25. Rfe1 {[%clk 0:54:49]} Ke7
{[%clk 0:35:52]} 26. Kf1 {[%clk 0:55:06]} g6 {[%clk 0:24:57]} 27. Ke2
{[%clk 0:53:53]} a5 {[%clk 0:24:53]} 28. a3 {[%clk 0:52:48]} Bc5 {[%clk 0:24:17]}
29. Rh1 {[%clk 0:49:36]} Rdb8 {[%clk 0:20:32]} 30. Na2 {[%clk 0:48:24]} b4
{[%clk 0:20:08]} 31. axb4 {[%clk 0:47:45]} axb4 {[%clk 0:20:32]} 32. Nxb4
{[%clk 0:48:12]} Bxb4 {[%clk 0:20:53]} 33. cxb4 {[%clk 0:48:41]} Rxb4
{[%clk 0:19:24]} 34. Rd2 {[%clk 0:49:05]} Ra2 {[%clk 0:16:40]} 35. Rc1
{[%clk 0:49:32]} Nd7 {[%clk 0:06:04]} 36. Rcc2 {[%clk 0:48:57]} Nc5
{[%clk 0:05:57]} 37. Ke3 {[%clk 0:47:15]} Rb3+ {[%clk 0:04:51]} 38. Ke2
{[%clk 0:47:41]} Ne6 {[%clk 0:04:46]} 0-1

[Event "MCR muzu 2023"]
[Site "?"]
[Date "2023.05.10"]
[Round "2.2"]
[White "Zwardon, Vojtech"]
[Black "Kraus, Tomas"]
[Result "0-1"]
[BlackElo "2473"]
[WhiteElo "2494"]
[LiveChessVersion "1.4.8"]

1. c4 {[%clk 1:30:58]} Nf6 {[%clk 1:30:36]} 2. Nc3 {[%clk 1:31:26]} c5
{[%clk 1:30:25]} 3. g3 {[%clk 1:31:49]} Nc6 {[%clk 1:29:00]} 4. Bg2
{[%clk 1:32:14]} e6 {[%clk 1:29:04]} 5. Nf3 {[%clk 1:32:42]} d5 {[%clk 1:29:29]}
6. cxd5 {[%clk 1:33:10]} exd5 {[%clk 1:29:52]} 7. d4 {[%clk 1:33:23]} cxd4
{[%clk 1:29:52]} 8. Nxd4 {[%clk 1:33:41]} Bc5 {[%clk 1:30:05]} 9. Nb3
{[%clk 1:31:20]} Bb6 {[%clk 1:30:22]} 10. O-O {[%clk 1:31:31]} d4
{[%clk 1:30:00]} 11. Na4 {[%clk 1:31:45]} O-O {[%clk 1:30:10]} 12. Bxc6
{[%clk 1:28:37]} bxc6 {[%clk 1:30:27]} 13. Nxb6 {[%clk 1:29:04]} axb6
{[%clk 1:30:46]} 14. Qxd4 {[%clk 1:29:26]} Qc7 {[%clk 1:21:16]} 15. Bg5
{[%clk 1:28:26]} c5 {[%clk 1:20:00]} 16. Qf4 {[%clk 1:27:42]} Qc6
{[%clk 1:18:51]} 17. Qf3 {[%clk 1:05:49]} Ne4 {[%clk 0:55:38]} 18. Nd2
{[%clk 1:04:15]} Re8 {[%clk 0:55:19]} 19. Nxe4 {[%clk 1:02:54]} Rxe4
{[%clk 0:54:55]} 20. Qg2 {[%clk 1:01:28]} Ba6 {[%clk 0:48:47]} 21. Rfe1
{[%clk 0:58:49]} Rae8 {[%clk 0:45:58]} 22. Bd2 {[%clk 0:53:42]} Qd7
{[%clk 0:36:39]} 23. Bc3 {[%clk 0:52:13]} Bxe2 {[%clk 0:35:06]} 24. a4
{[%clk 0:52:24]} Qf5 {[%clk 0:26:26]} 25. a5 {[%clk 0:52:33]} Bf3
{[%clk 0:25:13]} 26. Rxe4 {[%clk 0:51:27]} Qxe4 {[%clk 0:11:41]} 27. Qf1
{[%clk 0:51:34]} bxa5 {[%clk 0:11:16]} 28. Re1 {[%clk 0:38:19]} Be2
{[%clk 0:11:41]} 29. f3 {[%clk 0:38:05]} Qe7 {[%clk 0:10:32]} 30. Qf2
{[%clk 0:36:32]} a4 {[%clk 0:10:46]} 31. f4 {[%clk 0:36:32]} f6 {[%clk 0:09:47]}
32. Ba5 {[%clk 0:27:11]} h5 {[%clk 0:09:21]} 33. Bb6 {[%clk 0:26:30]} c4
{[%clk 0:09:36]} 34. Qd4 {[%clk 0:25:54]} Qe6 {[%clk 0:08:45]} 35. Kf2
{[%clk 0:23:10]} h4 {[%clk 0:07:25]} 36. gxh4 {[%clk 0:21:47]} Kh8
{[%clk 0:04:27]} 37. Bc7 {[%clk 0:17:30]} Qh3 {[%clk 0:01:50]} 38. f5
{[%clk 0:16:33]} Qxf5+ {[%clk 0:01:52]} 39. Kg1 {[%clk 0:16:30]} Re4
{[%clk 0:01:33]} 40. Qf2 {[%clk 0:16:49]} Qg6+ {[%clk 0:00:41]} 41. Bg3
{[%clk 0:16:29]} Qg4 {[%clk 0:28:07]} 42. Qg2 {[%clk 0:41:33]} Qe6
{[%clk 0:23:51]} 43. Ra1 {[%clk 0:41:08]} c3 {[%clk 0:15:10]} 44. bxc3
{[%clk 0:40:27]} Bh5 {[%clk 0:11:36]} 45. h3 {[%clk 0:38:37]} Be8
{[%clk 0:11:01]} 46. Bf2 {[%clk 0:37:22]} Bc6 {[%clk 0:10:49]} 47. Qg3
{[%clk 0:37:46]} Re2 {[%clk 0:09:16]} 48. Qg4 {[%clk 0:35:27]} Qd5
{[%clk 0:08:44]} 49. Kf1 {[%clk 0:35:36]} Rb2 {[%clk 0:07:15]} 50. Qd4
{[%clk 0:34:52]} Qh1+ {[%clk 0:05:22]} 51. Bg1 {[%clk 0:35:21]} Qg2+
{[%clk 0:05:44]} 52. Ke1 {[%clk 0:35:46]} Qe2# 0-1

[Event "MCR muzu 2023"]
[Site "?"]
[Date "2023.05.10"]
[Round "2.3"]
[White "Finek, Vaclav"]
[Black "Babula, Vlastimil"]
[Result "0-1"]
[BlackElo "2533"]
[WhiteElo "2410"]
[LiveChessVersion "1.4.8"]

1. d4 {[%clk 1:30:55]} Nf6 {[%clk 1:30:52]} 2. g3 {[%clk 1:31:18]} e6
{[%clk 1:29:09]} 3. Bg2 {[%clk 1:31:43]} d5 {[%clk 1:28:56]} 4. Nf3
{[%clk 1:32:04]} b5 {[%clk 1:28:30]} 5. O-O {[%clk 1:32:28]} Be7 6. a4
{[%clk 1:32:50]} b4 {[%clk 1:28:35]} 7. c4 {[%clk 1:33:16]} bxc3 {[%clk 1:28:37]}
8. Nxc3 {[%clk 1:33:41]} a5 {[%clk 1:26:32]} 9. Bf4 {[%clk 1:30:06]} O-O
{[%clk 1:25:01]} 10. Re1 {[%clk 1:16:41]} c6 {[%clk 1:16:58]} 11. Qc2
{[%clk 1:01:18]} Nbd7 {[%clk 1:04:12]} 12. e4 {[%clk 0:53:56]} Ba6
{[%clk 1:03:00]} 13. Rad1 {[%clk 0:47:28]} h6 {[%clk 0:56:58]} 14. Ne5
{[%clk 0:38:31]} Rc8 {[%clk 0:54:37]} 15. Bh3 {[%clk 0:33:43]} Nxe5
{[%clk 0:52:46]} 16. dxe5 {[%clk 0:33:01]} Nh7 {[%clk 0:36:16]} 17. Be3
{[%clk 0:27:24]} Qc7 {[%clk 0:31:28]} 18. f4 {[%clk 0:26:03]} Rb8
{[%clk 0:28:14]} 19. Qf2 {[%clk 0:17:37]} Rb4 {[%clk 0:23:57]} 20. Bg2
{[%clk 0:14:20]} Rfb8 {[%clk 0:18:16]} 21. Rd2 {[%clk 0:14:09]} Bc4
{[%clk 0:16:36]} 22. exd5 {[%clk 0:11:02]} Bxd5 {[%clk 0:14:47]} 23. Rc1
{[%clk 0:08:47]} Qb7 {[%clk 0:10:30]} 24. Rcc2 {[%clk 0:07:32]} Nf8
{[%clk 0:09:40]} 25. Bf1 {[%clk 0:06:14]} Bb3 {[%clk 0:08:28]} 26. Rc1
{[%clk 0:06:40]} Nd7 {[%clk 0:08:17]} 27. Bg2 {[%clk 0:05:12]} Bd5
{[%clk 0:07:00]} 28. Bf1 {[%clk 0:03:32]} Bb3 {[%clk 0:03:02]} 29. Bg2
{[%clk 0:03:45]} Nb6 {[%clk 0:02:54]} 30. Bc5 {[%clk 0:02:33]} Bxc5
{[%clk 0:02:15]} 31. Qxc5 {[%clk 0:02:57]} Rc4 {[%clk 0:02:02]} 32. Qe3
{[%clk 0:01:20]} Nxa4 {[%clk 0:01:58]} 33. Bf1 {[%clk 0:01:04]} Rb4
{[%clk 0:01:31]} 34. Ra1 {[%clk 0:00:47]} Nb6 {[%clk 0:00:41]} 35. Rxa5
{[%clk 0:00:35]} Nd5 {[%clk 0:00:43]} 36. Qa7 {[%clk 0:00:37]} Bc4
{[%clk 0:00:39]} 37. Qxb7 {[%clk 0:00:44]} R8xb7 {[%clk 0:01:05]} 38. Ra8+
{[%clk 0:00:39]} Kh7 {[%clk 0:01:25]} 39. Na2 {[%clk 0:00:33]} Bxa2
{[%clk 0:01:08]} 40. Rxa2 {[%clk 0:00:56]} g5 {[%clk 0:01:11]} 41. fxg5
{[%clk 0:22:42]} hxg5 {[%clk 0:31:27]} 42. Kf2 {[%clk 0:22:25]} Kg7
{[%clk 0:28:49]} 43. h3 {[%clk 0:19:29]} Nb6 {[%clk 0:22:54]} 44. Ba6
{[%clk 0:11:15]} Ra7 {[%clk 0:20:59]} 45. Ra3 {[%clk 0:11:06]} Nd5
{[%clk 0:18:26]} 46. Be2 {[%clk 0:08:44]} Rab7 {[%clk 0:15:10]} 47. Ra2
{[%clk 0:07:13]} Re4 {[%clk 0:14:32]} 48. Ra6 {[%clk 0:06:53]} Nb4
{[%clk 0:14:10]} 49. Ra5 {[%clk 0:06:15]} Nd5 {[%clk 0:14:05]} 50. Rc5
{[%clk 0:05:41]} Rb6 {[%clk 0:12:24]} 51. Rdc2 {[%clk 0:04:23]} Rb3
{[%clk 0:06:04]} 52. Rxc6 {[%clk 0:01:50]} Rxe5 {[%clk 0:04:02]} 53. Rd2
{[%clk 0:01:22]} Rf5+ {[%clk 0:02:30]} 54. Kg2 {[%clk 0:01:36]} Ne3+
{[%clk 0:02:53]} 55. Kg1 {[%clk 0:01:40]} Rd5 {[%clk 0:02:57]} 56. Rxd5
{[%clk 0:01:04]} Nxd5 {[%clk 0:03:21]} 57. Bc4 {[%clk 0:00:34]} Rxg3+
{[%clk 0:02:26]} 58. Kh2 {[%clk 0:00:54]} Re3 {[%clk 0:02:42]} 59. Rc5
{[%clk 0:00:34]} Kf6 {[%clk 0:01:56]} 60. Bxd5 {[%clk 0:00:32]} Re5
{[%clk 0:02:07]} 61. Kg3 {[%clk 0:00:35]} Rxd5 {[%clk 0:02:01]} 62. Rc3
{[%clk 0:00:35]} Rd4 {[%clk 0:01:39]} 63. Re3 {[%clk 0:00:52]} e5
{[%clk 0:01:42]} 64. Rb3 {[%clk 0:00:59]} Kf5 {[%clk 0:01:40]} 65. Rb7
{[%clk 0:01:21]} Rd3+ {[%clk 0:01:42]} 66. Kg2 {[%clk 0:01:46]} f6
{[%clk 0:02:01]} 67. Rb6 {[%clk 0:02:01]} e4 {[%clk 0:02:11]} 68. b4
{[%clk 0:02:27]} Rb3 {[%clk 0:01:51]} 69. b5 {[%clk 0:02:50]} Ke5
{[%clk 0:02:01]} 70. Rb8 {[%clk 0:03:15]} Kf4 {[%clk 0:02:15]} 71. b6
{[%clk 0:03:01]} Rb2+ {[%clk 0:02:20]} 72. Kg1 {[%clk 0:03:26]} Kg3
{[%clk 0:01:39]} 73. Kf1 {[%clk 0:03:52]} Kf3 {[%clk 0:01:52]} 74. Kg1
{[%clk 0:04:17]} e3 {[%clk 0:01:11]} 0-1